000 00607nam a22002057a 4500
003 OSt
005 20181211071806.0
008 181211b xxu||||| |||| 00| 0 spa d
020 _a978-987-614-036-2
040 _cBiblioteca Ernesto Sábato
092 _a331.4
_bP335
_eJRR
100 _aPautassi, Laura
245 _a¡Cuánto trabajo mujer!.
_b El género y las relaciones laborales
260 _aBuenos Aires
_bCapital Intelectual
_c2007
300 _a102 p
440 _aClaves para todos. Colección dirigida por José Nun
_n 76
650 _aMUJER-TRABAJO
650 _a/JRR/
942 _2ddc
_cBJRR
999 _c33322
_d33322